Statistics for Singular Words

Click here to take the quiz!

General Stats

  • This quiz has been taken 72 times
  • The average score is 12 of 16

Answer Stats

PluralSingular% Correct
TeethTooth
100%
GentlemenGentleman
94%
DiceDie
83%
DataDatum
80%
AlgaeAlga
78%
BacteriaBacterium
77%
ScissorsScissors
77%
AnalysesAnalysis
74%
BisonBison
74%
AlumniAlumnus
71%
PaparazziPaparazzo
71%
VertebraeVertebra
71%
LiceLouse
69%
SpeciesSpecies
68%
CriteriaCriterion
65%
SpermatozoaSpermatozoon
22%

Score Distribution

Percentile by Number Answered

Percent of People with Each Score

Your Score History

You have not taken this quiz